000
00228nam a2200097Ia 4500
008
190216s9999||||xx |||||||||||||| ||und||
100
_a
Null
245
0
_a
Hindi-Samskrith Vyakarana Sourab
260
_b
S Vishwanathan
942
_c
BK
999
_c
18304
_d
18304